000 00979cam a2200289 4500
001 sa 68020696
003 DLC
005 20260227112726.0
008 750813s1966 ii b 001 0 eng
010 _asa 68020696
025 _aPL480:I-E-7781
040 _aDLC
_cDLC
_dDLC
043 _aa-ii---
050 0 0 _aPK2931.R33
_bT7 1966
082 0 0 _a891/.2/209
100 1 _aTrivedi, K. H.
245 1 4 _aThe Nāṭyadarpaṇa of Rāmacandra and Guṇacandra;
_ba critical study,
_cby K. H. Trivedi.
250 _a[1st ed.]
260 _aAhmedabad,
_bL.D. Institute of Indology,
_c1966.
300 _a339 p.
_c25 cm.
350 _aRs30.00
440 0 _aLalbhai Dalpatbhai series,
_vno. 9
500 _a"A thesis approved for the degree of Doctor of Philosophy in Sanskrit by the Gujarat University, 1961."
504 _aBibliography: p. [323]-328.
600 0 0 _aRāmacandra,
_dactive 12th century.
_tNāṭyadarpaṇa.
650 0 _aSanskrit drama
_xHistory and criticism.
999 _c89563
_d89563